| 000 | 00996nam0a2200301 4500 | ||
|---|---|---|---|
| 001 | RU\NLR\bibl\165381 | ||
| 005 | 20260408211917.0 | ||
| 010 |
_a5-7027-0619-6 _910000 |
||
| 021 |
_aRU _b98-24036 _91140 |
||
| 035 | _a(NLR Aleph) 000162215 | ||
| 090 |
_a933211 _c933211 |
||
| 100 | _a20010625d1998 |||y0rusy50 ca | ||
| 101 | 0 | _arus | |
| 102 | _aRU | ||
| 105 | _aa ||||||||| | ||
| 200 | 1 |
_aЦесаревич _eДокументы. Воспоминания. Фотографии _f[Сост. О. Барковец, А. Крылов] |
|
| 210 |
_aМ. _cВагриус _d1998 |
||
| 215 |
_a189,[2] с. _cил., цв. ил. _d30 |
||
| 600 | 0 |
_aАлексей Николаевич _cцесаревич _f1904 - 1918 _3RU\NLR\AUTH\6601637930 _92373292 |
|
| 686 | _aТ3(2)52-8 | ||
| 702 | 1 |
_aБарковец _bО. _gО |
|
| 801 | 0 |
_aRU _bNLR _c20010625 _gPSBO |
|
| 801 | 1 |
_aRU _bNLR _c20010625 |
|
| 852 |
_aNLR _j2000-8/1219 |
||
| 942 | _cBOOK | ||
| 980 | _aNB | ||